[Event "Mindsports"]
[Site "Beijing CHN"]
[Date "2008.10.15"]
[EventDate "2008.10.14"]
[Round "4"]
[Result "0-1"]
[White "Tatyana Fomina"]
[Black "Tania Sachdev"]
[WhiteElo "2214"]
[BlackElo "2425"]
[PlyCount "74"]

1. e4 c5 2. Nf3 e6 3. Nc3 a6 4. a4 Qc7 5. Bc4 d6 6. Qe2 Nf6
7. d3 Nc6 8. Bf4 Nd7 9. Rd1 Nde5 10. Nxe5 dxe5 11. Bg3 Bd6
12. O-O O-O 13. Qg4 Bd7 14. h4 Nd4 15. h5 h6 16. Bh4 Kh8
17. Bb3 b5 18. axb5 axb5 19. Ra1 c4 20. dxc4 bxc4 21. Ba4 Bxa4
22. Rxa4 Rxa4 23. Nxa4 Nxc2 24. Rc1 Nd4 25. Qd1 f5 26. Nc3 Qb7
27. Rb1 fxe4 28. Bg3 Nf5 29. Bh2 Bc5 30. Ne2 Bxf2+ 31. Kxf2
Qb6+ 32. Ke1 Ne3 33. Qd7 Nxg2+ 34. Kd2 Rd8 35. Qxd8+ Qxd8+
36. Kc1 Ne3 37. Nc3 Qd3 0-1

[Event "Mindsports"]
[Site "Beijing CHN"]
[Date "2008.10.15"]
[EventDate "2008.10.14"]
[Round "5"]
[Result "1/2-1/2"]
[White "Tania Sachdev"]
[Black "Natalia Zdebskaja"]
[WhiteElo "2425"]
[BlackElo "2419"]
[PlyCount "116"]

1. d4 Nf6 2. c4 e6 3. Nf3 d5 4. Nc3 Bb4 5. Qa4+ Nc6 6. e3 O-O
7. Bd2 dxc4 8. Bxc4 Bd6 9. Nb5 Be7 10. O-O a6 11. Nc3 Bd6
12. Qc2 b5 13. Be2 Bb7 14. a3 e5 15. d5 Ne7 16. e4 h6 17. Rad1
c6 18. dxc6 Nxc6 19. Be3 Qe7 20. Nh4 Nd4 21. Bxd4 exd4 22. Nf5
Bxh2+ 23. Kxh2 Qc7+ 24. Ng3 dxc3 25. Qxc3 Qxc3 26. bxc3 Nxe4
27. Nxe4 Bxe4 28. c4 Rfc8 29. cxb5 axb5 30. Bxb5 Rxa3 31. Rfe1
Bg6 32. Re8+ Rxe8 33. Bxe8 Ra8 34. Bc6 Rc8 35. Bb7 Rc2 36. Kg1
Rc7 37. Ba6 Kf8 38. Re1 Bf5 39. Bf1 g5 40. g3 Kg7 41. Bg2 Kf6
42. Ra1 Be6 43. Ra5 Rc1+ 44. Kh2 Rc2 45. Kg1 h5 46. Bd5 Bf5
47. Ra6+ Kg7 48. Ra4 Rd2 49. Be4 Bg4 50. Kg2 Be6 51. Bf3 Kg6
52. Bc6 Rd6 53. Bf3 Rb6 54. Rd4 g4 55. Bd5 Bf5 56. Be4 Bxe4+
57. Rxe4 f6 58. Re8 Rb5 1/2-1/2

[Event "Mindsports"]
[Site "Beijing CHN"]
[Date "2008.10.15"]
[EventDate "2008.10.14"]
[Round "6"]
[Result "0-1"]
[White "Christine Rose Mariano"]
[Black "Tania Sachdev"]
[WhiteElo "2045"]
[BlackElo "2425"]
[PlyCount "160"]

1. e4 c5 2. b3 e6 3. Bb2 d6 4. f4 Nf6 5. d3 Nc6 6. Nf3 Qc7
7. g3 Be7 8. Bg2 b6 9. O-O Bb7 10. Nbd2 O-O 11. c4 a6 12. Qe2
b5 13. Rac1 Nd7 14. g4 Rae8 15. g5 f5 16. exf5 exf5 17. Qe6+
Rf7 18. g6 hxg6 19. Ng5 Nd8 20. Qxg6 Nf8 21. Qh5 Bxg5 22. fxg5
Bxg2 23. Kxg2 Qb7+ 24. Kg1 Re6 25. Rce1 Qe7 26. Nf3 Nc6
27. Rxe6 Qxe6 28. Re1 Qd7 29. g6 Re7 30. Rxe7 Nxe7 31. Qg5
bxc4 32. dxc4 Qe6 33. Kf2 Nexg6 34. h4 Ne5 35. Ne1 Ng4+
36. Kf1 Ne3+ 37. Kg1 Qg6 38. Ng2 Nxg2 39. Kxg2 Kf7 40. Kf3
Qxg5 41. hxg5 Ne6 42. Bc1 Nd4+ 43. Ke3 Kg6 44. Kd3 Nc6 45. Bf4
Ne5+ 46. Kc3 a5 47. a3 Kh5 48. b4 axb4+ 49. axb4 cxb4+ 50. Kb3
Nc6 51. Bxd6 Kxg5 52. Bxb4 Nxb4 53. Kxb4 f4 54. c5 f3 55. c6
f2 56. c7 f1=Q 57. c8=Q Qb1+ 58. Ka3 Qd3+ 59. Kb2 g6 60. Qc5+
Kh4 61. Qe7+ g5 62. Qe1+ Qg3 63. Qh1+ Qh3 64. Qe1+ Kh5
65. Qe8+ Kh4 66. Qe1+ Qg3 67. Qh1+ Kg4 68. Qe4+ Qf4 69. Qe6+
Kg3 70. Qb3+ Qf3 71. Qb8+ Kg2 72. Kc1 Qf4+ 73. Qxf4 gxf4
74. Kd2 f3 75. Ke3 f2 76. Ke4 f1=Q 77. Kd4 Qe2 78. Kd5 Kf3
79. Kd4 Qe4+ 80. Kc5 Qd3 0-1

[Event "Gibtelecom"]
[Site "Catalan Bay GIB"]
[Date "2009.02.05"]
[EventDate "2009.01.27"]
[Round "10"]
[Result "1-0"]
[White "Krisztian Szabo"]
[Black "Tania Sachdev"]
[WhiteElo "2508"]
[BlackElo "2435"]
[PlyCount "77"]

1. e4 e5 2. Nf3 Nc6 3. Bb5 a6 4. Ba4 Nf6 5. O-O Nxe4 6. d4 b5
7. Bb3 d5 8. dxe5 Be6 9. Nbd2 Nc5 10. c3 Nxb3 11. Nxb3 Be7
12. Nfd4 Nxd4 13. cxd4 O-O 14. Bf4 a5 15. Rc1 Ra6 16. Qd3 Qd7
17. Qc3 Rc8 18. Qd2 Bb4 19. Qe2 a4 20. Nc5 Bxc5 21. Rxc5 Rb6
22. Rfc1 Bf5 23. Bg3 Rb7 24. Qd2 b4 25. Qf4 b3 26. a3 Bc2
27. Qd2 Rb5 28. Qc3 Rxc5 29. Qxc5 Rb8 30. Re1 Bd3 31. Re3 Bc4
32. e6 fxe6 33. Be5 Rf8 34. Bxg7 Rf7 35. Be5 h6 36. Qa5 Qc6
37. Rg3+ Kh7 38. Qd2 Qe8 39. Qd1 1-0

[Event "Gibraltar"]
[Site "Catalan Bay GIB"]
[Date "2010.01.30"]
[EventDate "2010.01.26"]
[Round "5"]
[Result "1-0"]
[White "Tania Sachdev"]
[Black "Hans Groffen"]
[WhiteElo "2398"]
[BlackElo "2150"]
[PlyCount "119"]

1. d4 d5 2. c4 c6 3. Nf3 Nf6 4. e3 Bg4 5. Nc3 e6 6. h3 Bxf3
7. Qxf3 Nbd7 8. Bd2 Bb4 9. cxd5 cxd5 10. Bd3 O-O 11. a3 Ba5
12. Rd1 Re8 13. Bb1 e5 14. Nxd5 exd4 15. Nxf6+ Nxf6 16. O-O
dxe3 17. Bxe3 Qe7 18. Bg5 h6 19. Bh4 Rad8 20. Rc1 Rd4 21. Bg3
Ne4 22. Qf5 Bb6 23. Rfe1 Qg5 24. Qxg5 hxg5 25. Re2 Nf6 26. Be5
Rdd8 27. Rce1 Nd7 28. Bc3 Rxe2 29. Rxe2 Nf6 30. Bc2 Nd5
31. Be1 Nf4 32. Re7 Nd3 33. Bxd3 Rxd3 34. Kf1 Rb3 35. Bc3 Bc5
36. Rc7 Bd6 37. Rc8+ Kh7 38. Ke2 Kg6 39. Kd3 Be7 40. Kc4 Rb6
41. Bd4 Re6 42. Bxa7 Bf6 43. b3 g4 44. hxg4 Re4+ 45. Kd3 Rxg4
46. g3 Rg5 47. Rc5 Rf5 48. Rxf5 Kxf5 49. a4 g6 50. b4 Ke6
51. Bd4 Bd8 52. Kc4 Bc7 53. a5 f5 54. Be3 Bd8 55. Bd2 g5
56. b5 f4 57. g4 Kd6 58. Bb4+ Ke5 59. a6 bxa6 60. bxa6 1-0

[Event "Gibraltar"]
[Site "Catalan Bay GIB"]
[Date "2010.01.31"]
[EventDate "2010.01.26"]
[Round "6"]
[Result "1/2-1/2"]
[White "Alan M Byron"]
[Black "Tania Sachdev"]
[WhiteElo "2196"]
[BlackElo "2398"]
[PlyCount "95"]

1. e4 e5 2. Nf3 Nc6 3. Bb5 a6 4. Ba4 Nf6 5. O-O Be7 6. Re1 b5
7. Bb3 d6 8. c3 O-O 9. h3 Nd7 10. d4 Bf6 11. a4 Bb7 12. a5 Re8
13. d5 Ne7 14. Ba2 Nf8 15. Nh2 Neg6 16. Ng4 Bg5 17. Bxg5 Qxg5
18. Nd2 Bc8 19. Re3 h5 20. Nf3 Qe7 21. Ngh2 Nf4 22. h4 Nh7
23. g3 Ng6 24. Kf1 Bd7 25. Bb3 Rf8 26. Nd2 Nf6 27. Qe2 Rab8
28. Ke1 Rfc8 29. Rd3 Nf8 30. Nhf1 b4 31. c4 c6 32. Ne3 g6
33. f3 Be8 34. Ba4 cxd5 35. cxd5 Bxa4 36. Rxa4 Rc1+ 37. Kf2
Qd7 38. Ra2 Qh3 39. Nef1 Rbc8 40. Nb3 R1c2 41. Rd2 R2c4
42. Ra1 N8h7 43. Kg1 Nd7 44. Qd3 Nb8 45. Rh2 Qd7 46. Ne3 Qa7
47. Re2 Nd7 48. Kg2 1/2-1/2

[Event "Gibraltar"]
[Site "Catalan Bay GIB"]
[Date "2010.02.02"]
[EventDate "2010.01.26"]
[Round "8"]
[Result "1-0"]
[White "Nana Dzagnidze"]
[Black "Tania Sachdev"]
[WhiteElo "2506"]
[BlackElo "2398"]
[PlyCount "101"]

1. d4 Nf6 2. c4 e6 3. Nc3 Bb4 4. Bg5 c5 5. d5 d6 6. e3 exd5
7. cxd5 Nbd7 8. Bd3 Qa5 9. Nge2 Nxd5 10. O-O Bxc3 11. bxc3 c4
12. Bc2 Nxc3 13. Nxc3 Qxc3 14. Ba4 Qa5 15. Bf4 O-O 16. Bxd6
Rd8 17. Be7 Re8 18. Bd6 b5 19. Bc2 Nf6 20. Qb1 Bb7 21. a4 a6
22. axb5 Qxb5 23. Rd1 Be4 24. Rd4 Qxb1+ 25. Bxb1 c3 26. Ba2
Bg6 27. Rc1 c2 28. Kf1 Rac8 29. Ke1 h5 30. h3 Rc6 31. Bf4 Rb6
32. f3 Rb2 33. Bc4 a5 34. e4 a4 35. Kd2 Bxe4 36. fxe4 Nxe4+
37. Kd3 Nc5+ 38. Kc3 a3 39. Rxc2 Ne4+ 40. Kd3 Nc5+ 41. Kd2 g5
42. Bd6 a2 43. Bxa2 Rxc2+ 44. Kxc2 Re2+ 45. Kb1 Re1+ 46. Kb2
Re2+ 47. Ka3 Ne6 48. Rb4 Rxg2 49. Rb8+ Kg7 50. Be5+ f6
51. Rb7+ 1-0

[Event "Gibraltar"]
[Site "Catalan Bay GIB"]
[Date "2010.02.03"]
[EventDate "2010.01.26"]
[Round "9"]
[Result "1-0"]
[White "Tania Sachdev"]
[Black "Yves Duhayon"]
[WhiteElo "2398"]
[BlackElo "2241"]
[PlyCount "56"]

1. d4 d5 2. c4 e6 3. Nc3 Nf6 4. Bg5 Be7 5. cxd5 Nxd5 6. Bxe7
Qxe7 7. e3 O-O 8. Nf3 Rd8 9. Rc1 Nf6 10. Qa4 b6 11. Be2 Bb7
12. O-O Nbd7 13. b4 c5 14. bxc5 bxc5 15. Qa3 Qf8 16. Rb1 cxd4
17. Qxf8+ Kxf8 18. Nxd4 Rab8 19. Ncb5 e5 20. Nb3 Bd5 21. Rfc1
Rdc8 22. Nc7 Be4 23. Ra1 Nd5 24. Na6 Nc3 25. Bg4 Rb6 26. Nac5
Nxc5 27. Rxc3 Rxb3 28. axb3 f5 1-0

[Event "Tata Steel Group C"]
[Site "Wijk aan Zee NED"]
[Date "2011.01.22"]
[EventDate "2011.01.14"]
[Round "7"]
[Result "1-0"]
[White "Murtas Kazhgaleyev"]
[Black "Tania Sachdev"]
[WhiteElo "2637"]
[BlackElo "2391"]
[PlyCount "104"]

1. d4 d5 2. c4 e6 3. Nc3 Be7 4. Bf4 Nf6 5. e3 O-O 6. Nf3 c5
7. dxc5 Bxc5 8. cxd5 Nxd5 9. Nxd5 exd5 10. a3 Nc6 11. Bd3 Bb6
12. O-O Qf6 13. b4 h6 14. Bc2 Bf5 15. Bxf5 Qxf5 16. b5 Na5
17. Be5 Rac8 18. Bd4 Rc7 19. Bxb6 axb6 20. Nd4 Qe4 21. h3 Nc4
22. Ra2 Rfc8 23. Qe2 Nd6 24. Rd1 Rc1 25. Ra1 R1c5 26. a4 Nf5
27. Nxf5 Qxf5 28. Ra2 Ra8 29. Rd4 Qb1+ 30. Kh2 Rxb5 31. Rad2
Rba5 32. Qg4 Qc1 33. Rxd5 Qc7+ 34. g3 Rxa4 35. Qf3 Rf8 36. Rd7
Qc6 37. Kg2 Ra1 38. R2d5 Ra5 39. R5d6 Qxf3+ 40. Kxf3 Rf5+
41. Kg2 Rc8 42. g4 Rf6 43. Rd2 Rc5 44. Rxb7 h5 45. f4 hxg4
46. hxg4 Rc3 47. Kf3 g5 48. f5 Rh6 49. Ke4 Rh3 50. Ke5 Kg7
51. e4 Rc5+ 52. Rd5 Rh6 1-0

[Event "Commonwealth and South African Open"]
[Site "Gauteng RSA"]
[Date "2011.06.28"]
[EventDate "2011.06.25"]
[Round "6"]
[Result "0-1"]
[White "Ingrid de Waal"]
[Black "Tania Sachdev"]
[WhiteElo "1889"]
[BlackElo "2416"]
[PlyCount "68"]

1. e4 c5 2. g3 d6 3. Bg2 Nc6 4. d3 g6 5. Nf3 Bg7 6. O-O Nf6
7. h3 O-O 8. Nbd2 Rb8 9. Re1 b5 10. Nf1 Bb7 11. g4 a5 12. Ng3
a4 13. Rb1 b4 14. Be3 Nd7 15. d4 cxd4 16. Nxd4 Qa5 17. Nxc6
Bxc6 18. Bd4 Rfc8 19. Bxg7 Kxg7 20. Qd4+ Kg8 21. Bf1 Bb5
22. Rec1 Ne5 23. Kg2 Bxf1+ 24. Nxf1 Rc4 25. Qe3 Rbc8 26. Qe2
Qc5 27. Ne3 Rxe4 28. Qa6 Nc4 29. Nxc4 Rxc4 30. Qxa4 h5
31. gxh5 Qg5+ 32. Kh2 Qxh5 33. Qb3 Qe2 34. Kg2 Rxc2 0-1

[Event "Commonwealth and South African Open"]
[Site "Gauteng RSA"]
[Date "2011.06.29"]
[EventDate "2011.06.25"]
[Round "7"]
[Result "1-0"]
[White "Tania Sachdev"]
[Black "Charles Sidney Eichab"]
[WhiteElo "2416"]
[BlackElo "2200"]
[PlyCount "31"]

1. d4 Nf6 2. c4 e6 3. Nc3 Bb4 4. f3 d5 5. a3 Bxc3+ 6. bxc3 O-O
7. cxd5 exd5 8. e3 Bf5 9. Ne2 c5 10. g4 Nxg4 11. fxg4 Qh4+
12. Kd2 cxd4 13. Nxd4 Be4 14. Rg1 Qxh2+ 15. Be2 Nd7 16. Qe1
1-0

[Event "FIDE Women's World Team Championship"]
[Site "Mardin TUR"]
[Date "2011.12.26"]
[EventDate "2011.12.18"]
[Round "8"]
[Result "0-1"]
[White "Tania Sachdev"]
[Black "Bela Khotenashvili"]
[WhiteElo "2428"]
[BlackElo "2497"]
[PlyCount "74"]

1. d4 d5 2. c4 e6 3. Nc3 Bb4 4. Qa4+ Nc6 5. e3 Nf6 6. Nf3 O-O
7. Bd2 dxc4 8. Bxc4 Bd6 9. O-O e5 10. d5 Ne7 11. e4 a6
12. Rfe1 Bg4 13. Qd1 h6 14. h3 Bd7 15. Rc1 Ng6 16. Bf1 c6
17. Qb3 cxd5 18. exd5 b5 19. a3 Rc8 20. Bd3 Re8 21. Re2 Rxc3
22. Bxc3 Nf4 23. Re3 Nxd3 24. Rxd3 e4 25. Re3 exf3 26. Rxf3
Ne4 27. Bb4 Qg5 28. Rd1 Nd2 29. Bxd2 Qxd2 30. Re3 Rxe3
31. fxe3 Qe2 32. Qd3 Qxb2 33. a4 bxa4 34. Qxa6 Qe5 35. Qa7
Qh2+ 36. Kf2 Bxh3 37. Rg1 Bg3+ 0-1

[Event "FIDE Women's World Team Championship"]
[Site "Mardin TUR"]
[Date "2011.12.27"]
[EventDate "2011.12.18"]
[Round "9"]
[Result "1-0"]
[White "Zhao Xue"]
[Black "Tania Sachdev"]
[WhiteElo "2541"]
[BlackElo "2428"]
[PlyCount "122"]

1. d4 Nf6 2. c4 e6 3. g3 d5 4. Nf3 dxc4 5. Bg2 Nc6 6. O-O Rb8
7. Bg5 Be7 8. Nc3 b5 9. Qc1 O-O 10. Rd1 Qe8 11. Ne5 Nb4 12. b3
Nd7 13. Bxe7 Qxe7 14. a3 Nxe5 15. axb4 Ng6 16. bxc4 bxc4
17. b5 Bb7 18. Rxa7 Bxg2 19. Kxg2 Ra8 20. Qa1 Rxa7 21. Qxa7
Qb4 22. Rc1 Qb2 23. Qa1 Qd2 24. e3 Ne7 25. Ne4 Qe2 26. Qc3 f5
27. Qd2 Qg4 28. Nc5 Rb8 29. Qb4 Nd5 30. Qxc4 f4 31. h3 Nxe3+
32. fxe3 Qxg3+ 33. Kf1 Qxh3+ 34. Ke1 Qxe3+ 35. Kd1 Re8 36. Kc2
h6 37. Qd3 Qf2+ 38. Kb3 e5 39. Rf1 Qh2 40. Re1 Ra8 41. Re2 Qg1
42. Rxe5 Qa1 43. Na6 c6 44. Qc4+ Kh7 45. Qc2+ Kh8 46. Qxc6
Qb1+ 47. Kc4 Qc2+ 48. Kd5 Rd8+ 49. Ke6 Qb3+ 50. d5 Qh3+
51. Kf7 Rg8 52. Qe6 Qd3 53. Qf5 Qxb5 54. Re6 Qb7+ 55. Kg6 Qb5
56. Nc7 Qf1 57. Kf7 f3 58. Qe5 Qh3 59. Qf4 Qh5+ 60. Ke7 Qh3
61. d6 Qg2 1-0

[Event "14th Dubai Open"]
[Site "Dubai UAE"]
[Date "2012.04.17"]
[EventDate "2012.04.15"]
[Round "3.10"]
[Result "1/2-1/2"]
[White "Alexander Kovchan"]
[Black "Tania Sachdev"]
[WhiteElo "2598"]
[BlackElo "2414"]
[PlyCount "108"]

1. e4 e6 2. d4 d5 3. Nc3 dxe4 4. Nxe4 Nd7 5. Nf3 Ngf6 6. Nxf6+
Nxf6 7. Bd3 c5 8. dxc5 Bxc5 9. O-O O-O 10. Qe2 b6 11. Bf4 Bb7
12. Rad1 Qe7 13. Ne5 Rfd8 14. Bg3 h6 15. c3 a6 16. a4 Bd6
17. Rfe1 Qe8 18. Bc2 Be7 19. Bd3 Qxa4 20. Ra1 Qe8 21. Bxa6
Bxa6 22. Rxa6 Nd5 23. Rea1 Bc5 24. h3 Rxa6 25. Qxa6 Rc8
26. Qb7 Rb8 27. Qxf7+ Qxf7 28. Nxf7 Bxf2+ 29. Bxf2 Kxf7
30. Ra7+ Kf6 31. Rd7 Nf4 32. Rd6 b5 33. Bd4+ Kf5 34. Bxg7 Rg8
35. Rd7 h5 36. Kf1 e5 37. Rb7 Rd8 38. Rxb5 Rd1+ 39. Kf2 Rd2+
40. Ke1 Rxg2 41. Rxe5+ Kg6 42. Re7 Rxb2 43. Be5 Nxh3 44. Bd6
Nf2 45. Re3 h4 46. c4 h3 47. c5 Rc2 48. Rg3+ Kh5 49. Rf3 Ne4
50. Rxh3+ Kg4 51. Rb3 Nxc5 52. Rb4+ Kf3 53. Kd1 Rc3 54. Bxc5
Rxc5 1/2-1/2

[Event "14th Dubai Open"]
[Site "Dubai UAE"]
[Date "2012.04.19"]
[EventDate "2012.04.15"]
[Round "5.15"]
[Result "1-0"]
[White "Robert Hovhannisyan"]
[Black "Tania Sachdev"]
[WhiteElo "2600"]
[BlackElo "2414"]
[PlyCount "81"]

1. e4 e6 2. d4 d5 3. Nc3 dxe4 4. Nxe4 Nd7 5. Nf3 Ngf6 6. Nxf6+
Nxf6 7. Bg5 h6 8. Be3 Nd5 9. Bd2 c5 10. Ne5 a6 11. c4 Nf6
12. Bc3 cxd4 13. Qxd4 Qxd4 14. Bxd4 Bb4+ 15. Ke2 O-O 16. Rd1
Nd7 17. g3 Nxe5 18. Bxe5 b5 19. Bg2 Ra7 20. a3 Be7 21. Bd4 Rc7
22. cxb5 axb5 23. Rc1 Rd7 24. Rhd1 Bb7 25. Bxb7 Rxb7 26. Bc5
Bxc5 27. Rxc5 Ra8 28. Rd4 Kf8 29. h4 Ke7 30. h5 f6 31. Rb4
Rab8 32. Rc3 Kd6 33. Rcb3 Kc6 34. a4 bxa4 35. Rxb7 Rxb7
36. Rxb7 Kxb7 37. Kd3 Kb6 38. Kc4 Ka5 39. Kc5 e5 40. g4 e4
41. Kc4 1-0

[Event "14th Dubai Open"]
[Site "Dubai UAE"]
[Date "2012.04.21"]
[EventDate "2012.04.15"]
[Round "7.14"]
[Result "1-0"]
[White "Surya Shekhar Ganguly"]
[Black "Tania Sachdev"]
[WhiteElo "2633"]
[BlackElo "2414"]
[PlyCount "83"]

1. d4 Nf6 2. c4 e6 3. g3 d5 4. Nf3 dxc4 5. Bg2 c6 6. Ne5 Bb4+
7. Bd2 Be7 8. e3 b5 9. a4 b4 10. Nxc4 O-O 11. O-O Ba6 12. b3
Nbd7 13. a5 Rc8 14. e4 e5 15. Be3 exd4 16. Bxd4 Nc5 17. e5 Ne8
18. Bxc5 Qxd1 19. Rxd1 Bxc5 20. Bh3 Rb8 21. Nbd2 Bd4 22. Rac1
Nc7 23. Ne4 c5 24. Ncd6 Ne6 25. Bxe6 fxe6 26. Rxc5 Bxc5
27. Nxc5 Bc8 28. h4 Rd8 29. Rd4 h6 30. f3 Rf8 31. Kf2 Rd8
32. Ke3 Rf8 33. h5 Kh7 34. g4 Rd8 35. f4 g6 36. Rd2 gxh5
37. f5 exf5 38. e6 Bxe6 39. Nxe6 Rg8 40. gxf5 Rg3+ 41. Kf4
Rbg8 42. Nf8+ 1-0

[Event "14th Dubai Open"]
[Site "Dubai UAE"]
[Date "2012.04.23"]
[EventDate "2012.04.15"]
[Round "9.16"]
[Result "1-0"]
[White "Vladimir Baklan"]
[Black "Tania Sachdev"]
[WhiteElo "2612"]
[BlackElo "2414"]
[PlyCount "61"]

1. e4 e6 2. d4 d5 3. Nd2 dxe4 4. Nxe4 Nd7 5. Nf3 Ngf6 6. Bd3
Nxe4 7. Bxe4 Nf6 8. Bg5 Be7 9. Bd3 h6 10. Bh4 O-O 11. Qe2 c5
12. dxc5 Qa5+ 13. c3 Qxc5 14. O-O Rd8 15. Ne5 b6 16. Kh1 Bb7
17. f4 Rd6 18. Bf2 Qc7 19. Bd4 Rad8 20. Rad1 Qc8 21. Rfe1 Bd5
22. Bb1 Kf8 23. h3 Re8 24. Qc2 h5 25. Re3 Qb7 26. Kh2 Rdd8
27. Nxf7 Kxf7 28. Qg6+ Kf8 29. Rg3 Bd6 30. Bxf6 Rd7 31. Qh7
1-0

[Event "Unive Open"]
[Site "Hoogeveen NED"]
[Date "2013.10.26"]
[EventDate "2013.10.18"]
[Round "9.7"]
[Result "1/2-1/2"]
[White "Tania Sachdev"]
[Black "Bonno Pel"]
[WhiteElo "2438"]
[BlackElo "2291"]
[PlyCount "115"]

1. d4 d6 2. c4 e5 3. Nf3 Nc6 4. Nc3 Bg4 5. d5 Nce7 6. g3 g6
7. Bg2 Bg7 8. h3 Bd7 9. O-O Qc8 10. Kh2 h5 11. Ne4 h4 12. g4
f5 13. gxf5 gxf5 14. Neg5 Nf6 15. Ne1 Nh5 16. c5 e4 17. Qb3
Be5+ 18. Kh1 dxc5 19. Bd2 b5 20. Bc3 c4 21. Qc2 Bxc3 22. Qxc3
Rg8 23. Qd2 Qa6 24. Ne6 Bxe6 25. Qh6 Ng7 26. dxe6 Qxe6
27. Qxh4 Ng6 28. Qg5 Rd8 29. f3 Rd5 30. fxe4 fxe4 31. Qf6 Qxf6
32. Rxf6 Nh5 33. Rc6 Kd7 34. Ra6 Ng3+ 35. Kh2 Nf4 36. Rf6 Nxg2
37. Nxg2 Nxe2 38. Re1 Ng3 39. Rf2 Re5 40. Ne3 Nh5 41. Ng4 Re6
42. Rf5 Rh8 43. Ne5+ Ke8 44. Rxe4 Rhh6 45. Rg4 Nf6 46. Rgg5 a6
47. a4 c6 48. Kg2 Rh7 49. Rg6 Rhe7 50. axb5 cxb5 51. Nxc4 bxc4
52. Rfxf6 Rxf6 53. Rxf6 Rb7 54. Rxa6 Rxb2+ 55. Kf3 Kd7 56. Ke3
Rb3+ 57. Kd4 Rxh3 58. Kxc4 1/2-1/2

[Event "Reykjavik Open"]
[Site "Reykjavik ISL"]
[Date "2014.03.05"]
[EventDate "2014.03.04"]
[Round "3.4"]
[Result "1-0"]
[White "Bassem Amin"]
[Black "Tania Sachdev"]
[WhiteElo "2657"]
[BlackElo "2423"]
[PlyCount "86"]

1. Nf3 d5 2. g3 Nf6 3. Bg2 Bf5 4. c4 e6 5. Qb3 Qc8 6. cxd5
exd5 7. Nc3 c6 8. O-O Be7 9. d3 O-O 10. Nd4 Bd7 11. e4 dxe4
12. dxe4 Na6 13. Bf4 Bc5 14. Rfd1 Bg4 15. f3 Be6 16. Qc2 Bh3
17. Na4 Bxd4+ 18. Rxd4 Bxg2 19. Kxg2 Nc7 20. Bxc7 Qxc7
21. Rad1 Rfd8 22. Qd2 Rxd4 23. Qxd4 b6 24. Nc3 Re8 25. b4 h6
26. Qd6 Qxd6 27. Rxd6 Rc8 28. f4 Kf8 29. Kf3 Ke7 30. Rd4 Nd7
31. Rc4 Kd8 32. e5 c5 33. b5 Nf8 34. f5 Rc7 35. Nd5 Rd7
36. Ke4 g6 37. g4 h5 38. fxg6 fxg6 39. gxh5 gxh5 40. Nf4 Rd2
41. Ra4 Rxh2 42. Rxa7 Nd7 43. e6 Nf6+ 1-0

[Event "St Louis Autumn GM"]
[Site "St Louis, MO USA"]
[Date "2016.11.18"]
[EventDate "2016.11.17"]
[Round "3.5"]
[Result "0-1"]
[White "Tania Sachdev"]
[Black "Kannappan Priyadharshan"]
[WhiteElo "2431"]
[BlackElo "2520"]
[PlyCount "74"]

1. d4 Nf6 2. c4 e6 3. Nf3 b6 4. g3 Ba6 5. b3 Bb4+ 6. Bd2 Be7
7. Bg2 d5 8. Ne5 c5 9. dxc5 bxc5 10. O-O Bb7 11. Nc3 Nbd7
12. Nd3 O-O 13. Rc1 Rc8 14. cxd5 exd5 15. Bg5 Bc6 16. e3 h6
17. Bxf6 Nxf6 18. Nf4 d4 19. Bxc6 Rxc6 20. Qf3 Rd6 21. Na4 g5
22. Nd3 dxe3 23. Ndxc5 exf2+ 24. Rxf2 Rd2 25. Rc4 Rxf2
26. Qxf2 Qd1+ 27. Qf1 Rd8 28. Nc3 Qd2 29. Qf2 Qc1+ 30. Qf1
Qe3+ 31. Qf2 Ng4 32. Qxe3 Nxe3 33. Nb7 Nxc4 34. Nxd8 Na5
35. b4 Bxb4 36. Nd5 Bc5+ 37. Kg2 Kf8 0-1

[Event "St Louis Autumn GM"]
[Site "St Louis, MO USA"]
[Date "2016.11.20"]
[EventDate "2016.11.17"]
[Round "7.3"]
[Result "1/2-1/2"]
[White "Tania Sachdev"]
[Black "Akshat Chandra"]
[WhiteElo "2431"]
[BlackElo "2509"]
[PlyCount "44"]

1. d4 Nf6 2. c4 e6 3. Nf3 b6 4. a3 Ba6 5. Qc2 Bb7 6. Nc3 c5
7. d5 exd5 8. cxd5 Nxd5 9. Bg5 Nf6 10. e4 h6 11. Bh4 Be7
12. e5 Nh5 13. Bxe7 Qxe7 14. O-O-O O-O 15. Nd5 Bxd5 16. Rxd5
Nf4 17. Rd6 Ng6 18. Qf5 Nc6 19. Rxd7 Qe6 20. Qxe6 fxe6 21. Bc4
Ncxe5 22. Nxe5 Nxe5 1/2-1/2

[Event "St Louis Autumn GM"]
[Site "St Louis, MO USA"]
[Date "2016.11.22"]
[EventDate "2016.11.17"]
[Round "9.4"]
[Result "0-1"]
[White "Tania Sachdev"]
[Black "Cyril Ponizil"]
[WhiteElo "2431"]
[BlackElo "2504"]
[PlyCount "100"]

1. d4 Nf6 2. c4 e6 3. Nf3 Bb4+ 4. Nbd2 b6 5. a3 Bxd2+ 6. Qxd2
Bb7 7. e3 d6 8. Be2 Nbd7 9. b4 O-O 10. Bb2 Qe7 11. O-O Ne4
12. Qc2 f5 13. Rfd1 Rae8 14. a4 c5 15. Qb3 Rb8 16. dxc5 bxc5
17. b5 a5 18. Nd2 Qh4 19. g3 Qh3 20. Bf1 Qh5 21. Bg2 Qe2
22. Nxe4 fxe4 23. Rf1 Nb6 24. Rac1 e5 25. Rc2 Qd3 26. Rc3 Qd2
27. Bc1 Qe2 28. h3 Qh5 29. Rc2 Rf6 30. Rd2 Qf7 31. Rc2 Bc8
32. Bxe4 Bxh3 33. Qd3 Bxf1 34. Qxf1 Kh8 35. Bd2 Nxa4 36. Bxa5
Qa7 37. Qe1 Nb6 38. Bc6 Nc8 39. Be4 Ne7 40. Bc3 Qa4 41. Qe2
Qb3 42. Be1 d5 43. cxd5 Rxb5 44. Qh5 Ng6 45. Bxg6 Rxg6
46. Qxe5 h6 47. Rc1 Kh7 48. e4 Qd3 49. Qf5 Rb2 50. Rxc5 Rb1
0-1